• 首页
  • 本馆介绍
  • 公告通知
  • 最新文献
  • 馆藏检索
  • 电子资源
  • 读者导购
  • 参考咨询
  • 我的图书馆
  • 登录
  • 详细信息显示
  • 放入我的书架
  • 预约/预借图书
  • 作者相关作品
  • 分类相关作品
  • 丛书相关作品
  • 出版社相关作品

书目信息

  • 表格格式
  • 工作单格式
  • 卡片格式
题名:
肾炎
    
 
作者: 都占陶 , 占陶 编著
分册:  
出版信息: 北京   农村读物出版社  2000
页数: 123页
开本: 19cm
丛书名: 人民卫生文库
单 册:
中图分类: R692.3
科图分类:
主题词: 肾炎--诊疗 , 肾炎
电子资源:
ISBN: 7-5048-3281-2
000 00941nam2 2200301 45
001 (011001)c2001039396
005 20010524162541.5
009 (011001)c2001039396
010    @a7-5048-3281-2@dCNY6.20
035    @a(011001)c2001039396
035    @a(011001)y2000011850
100    @a20001226d2000 em y0chiy0110 ea
101 0  @achi
102    @aCN@b110000
105    @ay z 000yy
200 1  @a肾炎@Ashen yan@f占陶等编著@Fzhan tao deng bian zhu
210    @a北京@c农村读物出版社@d2000
215    @a123页@d19cm
225 2  @a人民卫生文库@e名医说病
330    @a本书从肾炎发病原因、临床表现以及中西医结合诊断治疗等方面进行了介绍,目的在于普及该病的基本知识和防治方法,指导病人合理用药,使患者早日恢复健康。
606 0  @a肾炎@x诊疗
606 0  @a肾炎
690    @aR692.3@v4
701  0 @a都占陶@Adu zhan tao@4编著
701  0 @a占陶@Azhan tao@4编著
801  0 @aCN@c20010702
905    @aBZT@dR692.3@e1
906    @dCNY6.20@n0@r1
    
    肾炎/占陶等编著.-北京:农村读物出版社,2000
    123页;19cm.-(人民卫生文库:名医说病)
    
    
    ISBN 7-5048-3281-2:CNY6.20
    本书从肾炎发病原因、临床表现以及中西医结合诊断治疗等方面进行了介绍,目的在于普及该病的基本知识和防治方法,指导病人合理用药,使患者早日恢复健康。
●
相关链接 在五车中查询图书 在当当中查询图书 在豆瓣中查询图书


正题名:肾炎     索取号:R692.3/1         预约/预借

序号 登录号 条形码 馆藏地/架位号 状态 备注
1 419320   210479150   中心书库中库/ 中库012架A面4列1层14/ [索取号:R692.3/1] 在馆    
2 419321   210479169   中心书库中库/ 中库012架A面4列1层19/ [索取号:R692.3/1] 在馆    
3 419322   210479141   中心书库中库/ 中库012架A面4列1层12/ [索取号:R692.3/1] 在馆    
4 419323   210479132   中心书库中库/ 中库012架A面4列1层11/ [索取号:R692.3/1] 在馆    
5 419324   210479123   中心书库中库/ 中库012架A面4列1层16/ [索取号:R692.3/1] 在馆    
6 419325   210479114   中心书库中库/ 中库012架A面4列1层17/ [索取号:R692.3/1] 在馆    
7 419326   210479105   中心书库中库/ 中库012架A面4列1层18/ [索取号:R692.3/1] 在馆    
8 419327   210479098   中心书库中库/ 中库012架A面4列1层15/ [索取号:R692.3/1] 在馆    
9 419328   210479089   中心书库中库/ 中库012架A面4列1层13/ [索取号:R692.3/1] 在馆    
山东省滨州职业学院图书馆 欢迎您!
大连网信软件有限公司© 版权所有